000 00728nam a2200193Ia 4500
003 IN-BaIIA
008 211028s9999 xx 000 0 eng d
040 _cIIA Library
080 _a621.396(042.1)
_bMAX
100 _aMaxwell, James Clerk
_97049
245 4 _aThe collected Clerk Maxwell memorial lectures
_bbeing the first four lectures given in the years between 1951 and 1960
_cJames Clerk Maxwell
260 _aLondon
_bThe British Institution of Radio Engineers
_c1960
300 _avii, 64p.
650 _aCollected works - James Clerk Maxwell
_910670
650 _aJames Clerk Maxwell - collected works
_910671
650 _aNASA thesaurus
650 _aPhysics
_973
942 _cBK
999 _c6194
_d6194